Diversity. (Registro nro. 16854)
[ vista simple ]
| 000 -CABECERA | |
|---|---|
| Campo de control | 01075cas a2200241 a 4500 |
| 005 - FECHA Y HORA DE LA ULTIMA TRANSACCION | |
| Campo de control | 20171009085827.0 |
| 008 - ELEMENTOS DE LONGITUD FIJA—INFORMACION GENERAL | |
| Campo de control | 820608c19829999dcuqr1p 0 a0eng d |
| 022 0# - ISSN | |
| ISSN | 0744-8163 |
| 040 ## - FUENTE DE CATALOGACIÓN | |
| Agencia catalogadora original | VXG |
| Agencia transcriptora | VXG |
| Agencia Modificadora | NSD |
| -- | NST |
| -- | NSD |
| -- | NST |
| -- | HUL |
| -- | DLC |
| -- | NST |
| -- | NSD |
| -- | NST |
| -- | CAS |
| -- | AGL |
| -- | WAU |
| -- | NSD |
| -- | NST |
| -- | IUL |
| -- | HUL |
| -- | NST |
| -- | NLM |
| -- | AGL |
| -- | CO-BoIAVH |
| 041 ## - IDIOMA | |
| Código de idioma para texto/pista de sonido o título separado | Inglés |
| 044 ## - PAÍS DE PUBLICACIÓN | |
| País de publicación | Estados Unidos |
| 245 00 - MENCION DE TITULO | |
| Título | Diversity. |
| 246 13 - FORMA VARIANTE DEL TITULO | |
| Título propiamente dicho/forma breve del título | Diversity : |
| Parte restante del título | A news journal for the International Genetic Resources Community |
| 260 ## - PUBLICACION, DISTRIBUCION, ETC. (PIE DE IMPRENTA) | |
| Lugar de publicación, distribución, etc. | Fort Collins, Colo. (EE.UU) : |
| Nombre del editor, distribuidor, etc. | Laboratory for Information Science in Agriculture, |
| Fecha de publicación, distribución, etc. | 1982-. |
| 300 ## - DESCRIPCION FISICA | |
| Otros detalles físicos | ilustraciones ; |
| Dimensiones | 28 cm. |
| 310 ## - FRECUENCIA ACTUAL DE LA PUBLICACIÓN | |
| Frecuencia actual de la publicación | Trimestral |
| 610 20 - ASIENTO SECUNDARIO DE MATERIA - NOMBRE CORPORATIVO | |
| Nombre corporativo o nombre de la jurisdicción como elemento de entrad | National Plant Germplasm System (U.S.) |
| Subdivisión de forma | Publicaciones periódicas |
| 650 26 - ASIENTO SECUNDARIO DE MATERIA - TERMINO TEMATICO | |
| Término temático o nombre geográfico como elemento de entrada | Germoplasma |
| Subdivisión general | Plantas |
| Subdivisión de forma | Publicaciones periódicas |
| 9 (RLIN) | 85866 |
| 650 24 - ASIENTO SECUNDARIO DE MATERIA - TERMINO TEMATICO | |
| Término temático o nombre geográfico como elemento de entrada | Células y tejidos vegetales |
| Subdivisión general | Colección y conservación |
| Subdivisión de forma | Publicaciones periódicas |
| 9 (RLIN) | 85867 |
| 710 2# - ASIENTO SECUNDARIO - NOMBRE CORPORATIVO | |
| Nombre corporativo o de jurisdicción como elemento de entrada | Laboratory for Information Science in Agriculture (Fort Collins, Colo.) |
| 9 (RLIN) | 85863 |
| 710 2# - ASIENTO SECUNDARIO - NOMBRE CORPORATIVO | |
| Nombre corporativo o de jurisdicción como elemento de entrada | Genetic Resources Communications Systems. |
| 9 (RLIN) | 85868 |
| 942 ## - ELEMENTOS ADICIONALES (KOHA) | |
| Sistema de clasificación | Local |
| Tipo de ítem | Periodica o revista |
| Withdrawn status | Lost status | Sistema de Clasificación | Damaged status | No para préstamo | Colección | Fecha publicación (Año) | Volumen revista | Número revista | Inventariado | Ubicación Permanente | Ubicación actual | Fecha de adquisición | Fuente de adquisición | Datos de publicación Seriada | Total Checkouts | Número topográfico | Inventario / Código de Barras | Date last seen | Ejemplar | Price effective from | Forma de adquisición | Tipo de material |
|---|---|---|---|---|---|---|---|---|---|---|---|---|---|---|---|---|---|---|---|---|---|---|
| Local | Hemeroteca | 1996 | 12 | 4 | Inventariado 2017 | Bogotá | Bogotá | 15/03/2001 | Baptiste, Luis Guillermo | Vol 12, Nro 4 (1996) | SE | 006826 | 25/03/2015 | Ej. 1 | 25/03/2015 | Donación | Periodica o revista | |||||
| Local | Hemeroteca | 1996 | 12 | 4 | Inventariado 2017 | Bogotá | Bogotá | 15/03/2001 | Baptiste, Luis Guillermo | Vol 12, Nro 4 (1996) | SE | 006827 | 25/03/2015 | Ej. 2 | 25/03/2015 | Donación | Periodica o revista | |||||
| Local | Hemeroteca | 1998 | 14 | 1-2 | Inventariado 2017 | Bogotá | Bogotá | 19/03/2002 | Desconocido | Vol 14, Nros 1 y 2 (1998) | SE | 006828 | 25/03/2015 | Ej. 1 | 25/03/2015 | Donación | Periodica o revista |